Normal view
MARC view
- Chávez, Raúl
Entry Nombre Personal
001 - NUMERO DE CONTROL
- campo de control: 54856
003 - IDENTIFICADOR DE NUMERO DE CONTROL
- campo de control: MX-MxUPN
005 - FECHA Y HORA DE LA ÜLTIMA TRANSACCIÓN
- campo de control: 20241203114656.0
008 - DATOS DE LONGITUD FIJA
- campo de control de longitud fija: 241203|| aca||aabn | aaa d
040 ## - FUENTE DE CATALOGACIÓN
- Agencia original de catalogación: MX-MxUPN
- Lenguaje de catalogación: spa
- Agencia de transcripción: MX-MxUPN
100 1# - ENCABEZAMIENTO - NOMBRE PERSONAL
- Nombre personal: Chávez, Raúl
670 ## - FUENTE EN LA QUE SE LOCALIZARON DATOS
- Cita de la fuente: Prácticas de biología : primer curso para escuelas secundarias, 1954:
- Información localizada: portada (Raúl Chávez)
902 ## - CATALOGADOR
- Catalogador: Víctor Ruiz/031224
